[Event "Thessaloniki-Chalkidiki-chT"]
[Site "Thessaloniki"]
[Date "2022.03.19"]
[Round "4"]
[White "Petraki, Evaggelia"]
[Black "Hatziara, Dimitra"]
[Result "1/2-1/2"]
[WhiteElo "1748"]
[BlackElo "1549"]
[PlyCount "56"]
[EventDate "2022.02.20"]
[EventType "team-tourn"]
[EventRounds "7"]
[EventCountry "GRE"]
[SourceTitle "EXT 2024"]
[Source "ChessBase"]
[SourceDate "2023.10.10"]
[SourceVersion "1"]
[SourceVersionDate "2023.10.10"]
[SourceQuality "1"]

1. c4 e5 2. Nc3 Bb4 3. Nd5 Ba5 4. g3 c6 5. Nc3 Bxc3 6. bxc3 f5 7. Bg2 Nf6 8. Ba3 d6 9. e3 0-0 10. Ne2 Qc7 11. Rb1 Kh8 12. 0-0 Nbd7 13. Qc2 Nb8 14. Rfe1 Rf7 15. Bh3 Ng4 16. f3 Nh6 17. d4 Na6 18. Red1 c5 19. Qd3 Be6 20. d5 Bd7 21. Qc2 Raf8 22. Bc1 Bc8 23. Rf1 Qd8 24. Bg2 Nc7 25. Bd2 Na8 26. Qb3 Nb6 27. Nc1 Qe7 28. Rf2 e4 1/2-1/2

[Event "GRE-chT 47th"]
[Site "Patras"]
[Date "2019.07.06"]
[Round "7.2"]
[White "Petraki, Evaggelia"]
[Black "Tsolakidou, Stavroula"]
[Result "0-1"]
[WhiteElo "1785"]
[BlackElo "2423"]
[PlyCount "52"]
[EventDate "2019.07.02"]
[EventType "team-swiss"]
[EventRounds "7"]
[EventCountry "GRE"]
[SourceTitle "CBM 191 Extra"]
[Source "ChessBase"]
[SourceDate "2019.09.30"]
[SourceVersion "1"]
[SourceVersionDate "2019.09.30"]
[SourceQuality "1"]
[WhiteTeam "Amo Galaxias"]
[BlackTeam "Kavalas"]
[WhiteTeamCountry "GRE"]
[BlackTeamCountry "GRE"]

1. c4 e5 2. Nc3 Bb4 3. g3 Bxc3 4. bxc3 d6 5. Bg2 f5 6. e3 Nf6 7. Ne2 Nbd7 8. 0-0 0-0 9. Ba3 Rb8 10. Rb1 Qe7 11. d4 c5 12. Qa4 a6 13. Qc2 g6 14. Rb2 Qf7 15. Rfb1 e4 16. Qa4 g5 17. f3 exf3 18. Bxf3 Qe7 19. Qd1 Qxe3+ 20. Kg2 f4 21. gxf4 g4 22. Bd5+ Nxd5 23. cxd5 Nf6 24. Ng3 Nxd5 25. dxc5 Nxf4+ 26. Kh1 Bd7 0-1

[Event "GRE-ch (Women) 41st"]
[Site "Thessaloniki"]
[Date "2018.12.20"]
[Round "9"]
[White "Petraki, Evaggelia"]
[Black "Skaraki, Antigoni"]
[Result "1/2-1/2"]
[WhiteElo "1756"]
[BlackElo "2012"]
[PlyCount "151"]
[EventDate "2018.12.12"]
[EventType "tourn"]
[EventRounds "9"]
[EventCountry "GRE"]
[SourceTitle "CBM 187 Extra"]
[Source "ChessBase"]
[SourceDate "2018.11.04"]
[SourceVersion "1"]
[SourceVersionDate "2018.11.04"]
[SourceQuality "1"]

1. e4 c5 2. Nf3 d6 3. d4 cxd4 4. Nxd4 Nf6 5. Nc3 Nc6 6. Bg5 e6 7. Qd2 a6 8. 0-0-0 Bd7 9. Kb1 b5 10. f4 Rc8 11. Nxc6 Bxc6 12. e5 dxe5 13. fxe5 Qxd2 14. Rxd2 Nd7 15. Bf4 Bb4 16. Rd3 0-0 17. Rg3 Bxc3 18. bxc3 Be4 19. h4 Kh8 20. Bd3 Nc5 21. c4 Bxd3 22. cxd3 bxc4 23. dxc4 Ne4 24. Rb3 Rxc4 25. Rc1 Rxc1+ 26. Bxc1 h6 27. Rb6 Ra8 28. Rc6 Nf2 29. Kc2 Ng4 30. Bf4 h5 31. Kb3 Kh7 32. Rb6 Kg6 33. Rb7 Nf2 34. Be3 Nd3 35. Bd4 f6 36. exf6 gxf6 37. Rb6 Kf5 38. g3 e5 39. Bg1 Nc1+ 40. Kb2 Ne2 41. Bf2 Nd4 42. Kc3 Ne6 43. Kd3 Rd8+ 44. Ke2 Nc7 45. Rc6 Rd7 46. a4 e4 47. a5 Ke5 48. Be3 Nd5 49. Bf4+ Nxf4+ 50. gxf4+ Kxf4 51. Rxf6+ Kg4 52. Rxa6 Rd4 53. Ke3 Ra4 54. Re6 Rxa5 55. Rxe4+ Kg3 56. Ke2 Ra2+ 57. Ke3 Rb2 58. Rd4 Rh2 59. Rc4 Ra2 60. Rd4 Ra3+ 61. Ke2 Ra8 62. Ke3 Re8+ 63. Re4 Rg8 64. Ke2 Rg6 65. Ke3 Kh3 66. Ke2 Rg7 67. Rf4 Rg2+ 68. Kf3 Rg4 69. Re4 Kxh4 70. Rxg4+ hxg4+ 71. Kg2 g3 72. Kg1 Kh3 73. Kh1 Kg4 74. Kg2 Kf4 75. Kg1 Kf3 76. Kf1 1/2-1/2

[Event "GRE-ch (Women) 41st"]
[Site "Thessaloniki"]
[Date "2018.12.17"]
[Round "6"]
[White "Pavlidou, Ekaterini"]
[Black "Petraki, Evaggelia"]
[Result "1-0"]
[WhiteElo "2185"]
[BlackElo "1756"]
[PlyCount "59"]
[EventDate "2018.12.12"]
[EventType "tourn"]
[EventRounds "9"]
[EventCountry "GRE"]
[SourceTitle "CBM 187 Extra"]
[Source "ChessBase"]
[SourceDate "2018.11.04"]
[SourceVersion "1"]
[SourceVersionDate "2018.11.04"]
[SourceQuality "1"]

1. d4 Nf6 2. c4 e6 3. Nc3 Bb4 4. a3 Bxc3+ 5. bxc3 d6 6. f3 Nh5 7. Nh3 f5 8. Bg5 Nf6 9. e4 h6 10. Bd2 fxe4 11. fxe4 e5 12. Nf2 Qe7 13. Be2 0-0 14. Qb1 Nbd7 15. 0-0 exd4 16. cxd4 c5 17. d5 Ne5 18. h3 Qe8 19. Bc3 Ng6 20. Qb2 Nh4 21. g3 Qg6 22. Kh2 Nh5 23. Bxh5 Qxh5 24. gxh4 Qf3 25. Ng4 Qxe4 26. Rxf8+ Kxf8 27. Bxg7+ Ke7 28. Rf1 Bxg4 29. hxg4 Qxg4 30. Qxb7+ 1-0

[Event "GRE-ch (Women) 41st"]
[Site "Thessaloniki"]
[Date "2018.12.15"]
[Round "4"]
[White "Makka, Ioulia"]
[Black "Petraki, Evaggelia"]
[Result "1-0"]
[WhiteElo "2065"]
[BlackElo "1756"]
[PlyCount "109"]
[EventDate "2018.12.12"]
[EventType "tourn"]
[EventRounds "9"]
[EventCountry "GRE"]
[SourceTitle "CBM 187 Extra"]
[Source "ChessBase"]
[SourceDate "2018.11.04"]
[SourceVersion "1"]
[SourceVersionDate "2018.11.04"]
[SourceQuality "1"]

1. e4 c6 2. d4 d5 3. Nc3 dxe4 4. Nxe4 Nf6 5. Ng3 h5 6. h3 h4 7. N3e2 Bf5 8. Nf3 Ne4 9. Be3 Qb6 10. Qc1 Na6 11. c3 Nc7 12. Nf4 Nd5 13. Nxd5 cxd5 14. a4 a6 15. a5 Qd8 16. Be2 e6 17. Qd1 Bd6 18. Qa4+ Qd7 19. Qxd7+ Kxd7 20. 0-0 Rac8 21. Nd2 Nxd2 22. Bxd2 Bc2 23. b4 Bb3 24. Rfb1 Bc4 25. Bd1 Bb5 26. Bg4 Rhg8 27. f4 f5 28. Bd1 Rh8 29. Kf2 Rh6 30. Bf3 Bd3 31. Rb2 Rg6 32. Re1 Be4 33. b5 Rb8 34. Bxe4 fxe4 35. c4 Rf6 36. c5 Bxf4 37. Bxf4 Rxf4+ 38. Ke3 Rff8 39. Reb1 Kc7 40. bxa6 bxa6 41. Rb6 g5 42. R1b2 Rfe8 43. Rf2 Rxb6 44. axb6+ Kc6 45. Rf7 Rc8 46. Re7 a5 47. Rxe6+ Kb7 48. Re7+ Kc6 49. Ra7 Kb5 50. Rd7 Ra8 51. Rxd5 a4 52. Rf5 a3 53. Rf1 Re8 54. Ra1 Kb4 55. b7 1-0

[Event "EU-Cup (Women) 23rd"]
[Site "Porto Carras"]
[Date "2018.10.18"]
[Round "7.2"]
[White "Santeramo, Alessia Carmen"]
[Black "Petraki, Evaggelia"]
[Result "1-0"]
[WhiteElo "2054"]
[BlackElo "1769"]
[PlyCount "49"]
[EventDate "2018.10.12"]
[EventType "team-swiss"]
[EventRounds "7"]
[EventCountry "GRE"]
[SourceTitle "CBM 186 Extra"]
[Source "ChessBase"]
[SourceDate "2018.08.24"]
[SourceVersion "1"]
[SourceVersionDate "2018.08.24"]
[SourceQuality "1"]
[WhiteTeam "Caissa Italia Alpi Marittime (W)"]
[BlackTeam "Thessaloniki Galaxias (W)"]
[WhiteTeamCountry "ITA"]
[BlackTeamCountry "GRE"]

1. e4 d6 2. d4 Nf6 3. Nc3 g6 4. Be3 Bg7 5. Qd2 0-0 6. Nf3 c6 7. h3 b5 8. Bd3 Bb7 9. e5 b4 10. Ne2 Nd5 11. Bh6 c5 12. h4 Re8 13. Bxg7 Kxg7 14. h5 Rh8 15. 0-0-0 Qc8 16. dxc5 dxc5 17. Be4 e6 18. Bxd5 Bxd5 19. Nf4 Bxa2 20. h6+ Kf8 21. Qd8+ Qxd8 22. Rxd8+ Ke7 23. Rxh8 b3 24. Ng5 bxc2 25. Rxh7 1-0

[Event "EU-Cup (Women) 23rd"]
[Site "Porto Carras"]
[Date "2018.10.15"]
[Round "4.2"]
[White "Osmak, Iulija"]
[Black "Petraki, Evaggelia"]
[Result "1-0"]
[WhiteElo "2405"]
[BlackElo "1769"]
[PlyCount "73"]
[EventDate "2018.10.12"]
[EventType "team-swiss"]
[EventRounds "7"]
[EventCountry "GRE"]
[SourceTitle "CBM 186 Extra"]
[Source "ChessBase"]
[SourceDate "2018.08.24"]
[SourceVersion "1"]
[SourceVersionDate "2018.08.24"]
[SourceQuality "1"]
[WhiteTeam "Kiev Chess Fed (W)"]
[BlackTeam "Thessaloniki Galaxias (W)"]
[WhiteTeamCountry "UKR"]
[BlackTeamCountry "GRE"]

1. d4 Nf6 2. Bg5 Ne4 3. Bf4 c5 4. d5 d6 5. f3 Qa5+ 6. c3 Nf6 7. e4 g6 8. Qd2 Bg7 9. c4 Qxd2+ 10. Bxd2 Nbd7 11. Nc3 a6 12. Nge2 0-0 13. Nc1 Rb8 14. a4 Ne8 15. Bd3 Nc7 16. a5 e6 17. Bc2 Ne5 18. b3 Re8 19. Kd1 Bd7 20. N1e2 exd5 21. exd5 Re7 22. Ng3 Rbe8 23. Nge4 Bf5 24. Nxd6 Bxc2+ 25. Kxc2 Rb8 26. Nde4 Ne8 27. Nxc5 Rc8 28. N5a4 Nd7 29. Rae1 Rxe1 30. Rxe1 Bf6 31. Ne4 Bd8 32. Bc3 Kf8 33. Bb4+ Kg8 34. Nec5 Nef6 35. Nxd7 Nxd7 36. Re8+ Kg7 37. Be7 1-0

[Event "EU-Cup (Women) 23rd"]
[Site "Porto Carras"]
[Date "2018.10.14"]
[Round "3.2"]
[White "Petraki, Evaggelia"]
[Black "Haussernot, Cecile"]
[Result "0-1"]
[WhiteElo "1769"]
[BlackElo "2204"]
[PlyCount "106"]
[EventDate "2018.10.12"]
[EventType "team-swiss"]
[EventRounds "7"]
[EventCountry "GRE"]
[SourceTitle "CBM 186 Extra"]
[Source "ChessBase"]
[SourceDate "2018.08.24"]
[SourceVersion "1"]
[SourceVersionDate "2018.08.24"]
[SourceQuality "1"]
[WhiteTeam "Thessaloniki Galaxias (W)"]
[BlackTeam "Mulhouse Philidor (W)"]
[WhiteTeamCountry "GRE"]
[BlackTeamCountry "FRA"]

1. e4 c5 2. Nf3 d6 3. d4 cxd4 4. Nxd4 Nf6 5. Nc3 a6 6. Be3 e5 7. Nb3 Be6 8. Be2 Be7 9. 0-0 0-0 10. Nd5 Nbd7 11. Qd3 b5 12. Nxf6+ Nxf6 13. f4 Bc4 14. Qd1 Nxe4 15. Bxc4 bxc4 16. Nd2 Nxd2 17. Qxd2 Qc7 18. c3 Rab8 19. Rf2 exf4 20. Bxf4 Qc6 21. Rd1 Rfd8 22. Qd5 Qxd5 23. Rxd5 f6 24. Rfd2 Rb6 25. R5d4 Rc6 26. Kf2 Kf7 27. Kf3 g5 28. Be3 f5 29. Rd1 Bf6 30. Rd5 Ke6 31. Bc1 h5 32. g3 Rh8 33. Ra5 Rg8 34. Be3 h4 35. Re1 g4+ 36. Kg2 h3+ 37. Kf2 Be5 38. Bd4 Rb8 39. Bxe5 Rxb2+ 40. Kg1 dxe5 41. Rexe5+ Kd7 42. Rxf5 Rg2+ 43. Kf1 Rxh2 44. Rad5+ Kc7 45. Rf7+ Kb6 46. a4 Rh1+ 47. Kf2 Re6 48. a5+ Kc6 49. Rc7+ Kxd5 50. Rc5+ Ke4 51. Rxc4+ Kd3 52. Rd4+ Kc2 53. Rd2+ Kxd2 0-1

[Event "Stavroupolis Novidis Memorial 7th"]
[Site "Stavroupolis"]
[Date "2018.06.21"]
[Round "3"]
[White "Papasimakopoulos, Alexandros"]
[Black "Petraki, Evaggelia"]
[Result "1-0"]
[WhiteElo "2221"]
[BlackElo "1840"]
[PlyCount "72"]
[EventDate "2018.06.19"]
[EventType "swiss"]
[EventRounds "7"]
[EventCountry "GRE"]
[SourceTitle "EXT 2019"]
[Source "ChessBase"]
[SourceDate "2018.10.10"]
[SourceVersion "1"]
[SourceVersionDate "2018.10.10"]
[SourceQuality "1"]

1. d4 Nf6 2. c4 c5 3. d5 b5 4. Nf3 g6 5. cxb5 a6 6. e3 Bg7 7. Nc3 d6 8. a4 0-0 9. Ra3 Nfd7 10. bxa6 Bxa6 11. Bxa6 Nxa6 12. 0-0 Nb4 13. e4 Nb6 14. Nd2 f5 15. a5 Nd7 16. exf5 Rxf5 17. Nc4 Bd4 18. g4 Rf7 19. Be3 Ne5 20. Nxe5 Bxe5 21. f4 Bg7 22. Qa4 Qc8 23. h3 h5 24. Qd1 hxg4 25. hxg4 Bd4 26. Bxd4 cxd4 27. Ne4 Nxd5 28. f5 Ne3 29. Qxd4 Nxf1 30. Rh3 Rh7 31. Rxh7 Kxh7 32. Ng5+ Kh6 33. Ne6 Qh8 34. Qf4+ Kh7 35. fxg6+ Kxg6 36. Qf5+ Kh6 1-0

[Event "GRE-ch U20 Girls"]
[Site "Chania"]
[Date "2018.04.13"]
[Round "6"]
[White "Galani, Dimitra"]
[Black "Petraki, Evaggelia"]
[Result "1-0"]
[WhiteElo "1578"]
[BlackElo "1884"]
[PlyCount "119"]
[EventDate "2018.04.10"]
[EventType "swiss"]
[EventRounds "9"]
[EventCountry "GRE"]
[SourceTitle "CBM 184 Extra"]
[Source "ChessBase"]
[SourceDate "2018.06.28"]
[SourceVersion "1"]
[SourceVersionDate "2018.06.28"]
[SourceQuality "1"]
[WhiteTeam "Greece"]
[BlackTeam "Greece"]
[WhiteTeamCountry "GRE"]
[BlackTeamCountry "GRE"]

1. e4 c5 2. Nf3 e6 3. d4 cxd4 4. Nxd4 Nc6 5. Nc3 Qc7 6. Be2 Nf6 7. 0-0 Be7 8. Ndb5 Qb8 9. f4 a6 10. e5 axb5 11. exf6 Bxf6 12. Nxb5 0-0 13. Be3 d5 14. Bc5 Rd8 15. Bb6 Rd7 16. c3 Ra6 17. Be3 Na5 18. b3 b6 19. Nd4 Ra8 20. Bd3 e5 21. fxe5 Bxe5 22. Nf3 Bf6 23. Qd2 Nc6 24. Bb5 Qb7 25. Bf4 Rd8 26. Rfe1 Bg4 27. Re3 Ne7 28. Ne5 Nf5 29. Nxg4 Nxe3 30. Nxf6+ gxf6 31. Qxe3 Kh8 32. Qd4 Qe7 33. Bg5 Rd6 34. Rf1 Kg8 35. Bxf6 Qe6 36. Qf4 Qxf6 37. Qxf6 Rxf6 38. Rxf6 Rxa2 39. Rxb6 Rb2 40. Bd3 Rd2 41. Bf5 d4 42. cxd4 Rxd4 43. h3 Rf4 44. Bd3 Kg7 45. Bc4 f6 46. Kh2 Rd4 47. Kg3 Kg6 48. Kf3 Rd1 49. Rb5 Rd2 50. Rd5 Rb2 51. Rd3 h6 52. Re3 Kg5 53. Re2 Rb1 54. Re4 h5 55. h4+ Kg6 56. Re8 Rh1 57. Rg8+ Kf5 58. Re8 Rxh4 59. Bd3+ Kg5 60. Rg8+ 1-0

[Event "Wch U20 Girls 35th"]
[Site "Tarvisio"]
[Date "2017.11.16"]
[Round "4"]
[White "Cui, Cynthia"]
[Black "Petraki, Evaggelia"]
[Result "0-1"]
[WhiteElo "1553"]
[BlackElo "1854"]
[PlyCount "100"]
[EventDate "2017.11.13"]
[EventType "swiss"]
[EventRounds "11"]
[EventCountry "ITA"]
[SourceTitle "CBM 181 Extra"]
[Source "ChessBase"]
[SourceDate "2017.12.12"]
[SourceVersion "1"]
[SourceVersionDate "2017.12.12"]
[SourceQuality "1"]

1. c4 e5 2. g3 Nf6 3. Bg2 d5 4. cxd5 Nxd5 5. Nc3 Nb6 6. Nf3 Nc6 7. 0-0 Be7 8. d4 exd4 9. Nb5 a6 10. Nbxd4 Nxd4 11. Qxd4 Qxd4 12. Nxd4 Bf6 13. Rd1 0-0 14. Rb1 Rd8 15. e3 c5 16. Bd2 cxd4 17. Ba5 Rd6 18. exd4 Nc4 19. Re1 Be6 20. Bxb7 Ra7 21. Bb4 Rxb7 22. Bxd6 Nxd6 23. b3 Bxd4 24. Red1 Bc5 25. Rbc1 Bb4 26. Rc6 a5 27. Ra6 Kf8 28. a3 Bxa3 29. Rxa5 Rxb3 30. h4 Ke7 31. Rg5 g6 32. Re5 Kf6 33. Ra5 Bg4 34. Ra1 Bb4 35. Ra6 Ke6 36. Rb6 Bf3 37. Kh2 Rb2 38. Kg1 Kf5 39. Rf1 Ne4 40. Rb7 f6 41. Rb8 Nxg3 42. Rb5+ Kg4 43. fxg3 Bc5+ 44. Rxc5 Rg2+ 45. Kh1 Rxg3+ 46. Rxf3 Rxf3 47. Rc7 Rh3+ 48. Kg2 Rxh4 49. Rc6 f5 50. Rf6 f4 0-1

[Event "Wch U20 Girls 35th"]
[Site "Tarvisio"]
[Date "2017.11.15"]
[Round "3"]
[White "Petraki, Evaggelia"]
[Black "Lahav, Michal"]
[Result "0-1"]
[WhiteElo "1854"]
[BlackElo "2148"]
[PlyCount "114"]
[EventDate "2017.11.13"]
[EventType "swiss"]
[EventRounds "11"]
[EventCountry "ITA"]
[SourceTitle "CBM 181 Extra"]
[Source "ChessBase"]
[SourceDate "2017.12.12"]
[SourceVersion "1"]
[SourceVersionDate "2017.12.12"]
[SourceQuality "1"]

1. e4 e6 2. d3 d5 3. Nd2 Nf6 4. Ngf3 b6 5. g3 dxe4 6. dxe4 Bc5 7. Bg2 Ba6 8. h3 0-0 9. c4 e5 10. 0-0 Qe7 11. Qe2 Rd8 12. Nb3 Nc6 13. Nxc5 Qxc5 14. b3 Nd4 15. Nxd4 Qxd4 16. Bb2 Qc5 17. Rfd1 Bb7 18. Rac1 a5 19. Rxd8+ Rxd8 20. Rd1 Rd6 21. Kh2 h6 22. f3 Nd7 23. Rd3 Nf8 24. Qd2 Rxd3 25. Qxd3 Ne6 26. Bc1 Qf2 27. Qd2 Qxd2 28. Bxd2 Kf8 29. f4 f6 30. fxe5 fxe5 31. Bc3 Nd4 32. c5 Ke7 33. h4 Kf6 34. cxb6 cxb6 35. Bb2 Nb5 36. Bc1 Nc3 37. Be3 b5 38. Bd2 b4 39. Be3 a4 40. Bc5 Nxa2 41. bxa4 b3 42. Ba3 Nc3 43. a5 Na4 44. Bf1 Bxe4 45. a6 b2 46. Bxb2 Nxb2 47. Bb5 Bd5 48. Kg1 Nc4 49. Kf2 Nb6 50. Ke3 Bc4 51. Bc6 Bxa6 52. Ke4 Bc4 53. Be8 Bd5+ 54. Ke3 Kf5 55. Bh5 Nc4+ 56. Kd3 Nd6 57. Bd1 Ne4 0-1

[Event "Anogia op 6th"]
[Site "Anogia"]
[Date "2017.07.17"]
[Round "9"]
[White "Sarakenidis, Nikolaos"]
[Black "Petraki, Evaggelia"]
[Result "1-0"]
[WhiteElo "1946"]
[BlackElo "1939"]
[PlyCount "65"]
[EventDate "2017.07.10"]
[EventType "swiss"]
[EventRounds "9"]
[EventCountry "GRE"]
[SourceTitle "CBM 179 Extra"]
[Source "ChessBase"]
[SourceDate "2017.08.23"]
[SourceVersion "1"]
[SourceVersionDate "2017.08.23"]
[SourceQuality "1"]

1. e4 c5 2. Nc3 Nc6 3. g4 g6 4. Bg2 Bg7 5. f4 e6 6. Nf3 Nge7 7. 0-0 0-0 8. d3 d6 9. Ne2 f5 10. h3 Rb8 11. c3 b5 12. gxf5 exf5 13. Ng3 Kh8 14. Re1 b4 15. e5 bxc3 16. bxc3 dxe5 17. fxe5 f4 18. Nh1 Nd5 19. Qa4 Qc7 20. Qc4 Ne3 21. Qxc5 Nc2 22. Ba3 Re8 23. Ng5 Nxe1 24. Rxe1 Bb7 25. Bd5 h6 26. Nf7+ Kh7 27. Nd6 Rxe5 28. Rxe5 Bxe5 29. Nxb7 Qxb7 30. Bxc6 Qb1+ 31. Kg2 Qc2+ 32. Nf2 Rc8 33. Qxe5 1-0

[Event "Anogia op 6th"]
[Site "Anogia"]
[Date "2017.07.11"]
[Round "2"]
[White "Morozov, Nichita"]
[Black "Petraki, Evaggelia"]
[Result "1-0"]
[WhiteElo "2437"]
[BlackElo "1939"]
[PlyCount "79"]
[EventDate "2017.07.10"]
[EventType "swiss"]
[EventRounds "9"]
[EventCountry "GRE"]
[SourceTitle "CBM 179 Extra"]
[Source "ChessBase"]
[SourceDate "2017.08.23"]
[SourceVersion "1"]
[SourceVersionDate "2017.08.23"]
[SourceQuality "1"]

1. d4 Nf6 2. Nf3 c5 3. e3 g6 4. Bd3 Bg7 5. 0-0 0-0 6. Nbd2 b6 7. c3 Bb7 8. e4 d6 9. Qe2 Nc6 10. a3 Nd7 11. Nb3 Rc8 12. Bg5 a5 13. a4 cxd4 14. Nbxd4 Nc5 15. Nb5 Nxd3 16. Qxd3 Ba6 17. Rad1 Qd7 18. Qe3 Qb7 19. Bh6 Bxb5 20. axb5 Na7 21. Bxg7 Kxg7 22. Qd4+ f6 23. c4 Rc5 24. b3 Rfc8 25. Ra1 Qd7 26. h3 Rh5 27. Qxb6 Rcc5 28. h4 Nc8 29. Qxa5 Qg4 30. Rfe1 g5 31. Qc3 gxh4 32. Nh2 Qg6 33. Qh3 f5 34. Ra8 Nb6 35. exf5 Rcxf5 36. Rxe7+ Rf7 37. Rxf7+ Qxf7 38. Qg4+ Kf6 39. Qd4+ Re5 40. Ng4+ 1-0

[Event "GRE-ch U20 Girls"]
[Site "Chania"]
[Date "2017.01.07"]
[Round "8.2"]
[White "Pramateftaki, Loukia"]
[Black "Petraki, Evaggelia"]
[Result "0-1"]
[WhiteElo "1727"]
[BlackElo "1948"]
[PlyCount "164"]
[EventDate "2017.01.02"]
[EventType "swiss"]
[EventRounds "9"]
[EventCountry "GRE"]
[SourceTitle "EXT 2024"]
[Source "ChessBase"]
[SourceDate "2023.10.10"]
[SourceVersion "1"]
[SourceVersionDate "2023.10.10"]
[SourceQuality "1"]

1. e4 c5 2. Nf3 e6 3. d4 cxd4 4. Nxd4 Nc6 5. Nc3 Qc7 6. g3 a6 7. Bg2 Nf6 8. 0-0 Nxd4 9. Qxd4 Bc5 10. Qd3 Ng4 11. Na4 Ba7 12. Qc3 Qxc3 13. Nxc3 d6 14. h3 Ne5 15. Bf4 b5 16. Rad1 Ke7 17. Bxe5 dxe5 18. Rd3 Bb6 19. Rfd1 Rd8 20. Rxd8 Bxd8 21. a4 Bd7 22. Bf1 b4 23. Na2 Bxa4 24. b3 Bc6 25. Nxb4 Bxe4 26. Re1 Bb7 27. Rxe5 a5 28. Nd3 a4 29. bxa4 Rxa4 30. Rb5 Bf3 31. Ne5 Be4 32. Nd3 Ra1 33. Re5 f5 34. Nf4 g5 35. Ng2 Kd6 36. Rb5 Bxc2 37. Ne3 Ba4 38. Rb2 f4 39. gxf4 gxf4 40. Rd2+ Ke7 41. Ng4 Bb5 42. Nh2 f3 43. Rb2 Be2 44. Rb7+ Kd6 45. Rxh7 Bc7 46. h4 Kc6 47. h5 Bxh2+ 48. Kxh2 Rxf1 49. Kg3 e5 50. h6 Rg1+ 51. Kh3 Bd3 52. Rf7 Be4 53. Rf6+ Kd5 54. Ra6 Rg6 55. h7 Bf5+ 56. Kh4 Rg1 57. h8Q Rh1+ 58. Kg5 Rxh8 59. Kxf5 Rf8+ 60. Kg4 Kd4 61. Rd6+ Ke4 62. Rd2 Rg8+ 63. Kh3 Kf4 64. Kh2 Rg5 65. Kh1 Rg7 66. Kh2 Rc7 67. Rd1 Rc2 68. Kg1 Ke4 69. Kf1 Ra2 70. Ke1 Ra3 71. Rd8 Ra1+ 72. Kd2 Rf1 73. Ra8 Rxf2+ 74. Ke1 Re2+ 75. Kf1 Rd2 76. Ra4+ Ke3 77. Ra3+ Rd3 78. Ra1 e4 79. Re1+ Kf4 80. Rb1 Kg3 81. Re1 e3 82. Ra1 e2+ 0-1

[Event "GRE-ch U20 Girls"]
[Site "Chania"]
[Date "2017.01.04"]
[Round "4.1"]
[White "Vozinaki, Anthi Maria"]
[Black "Petraki, Evaggelia"]
[Result "1/2-1/2"]
[WhiteElo "1882"]
[BlackElo "1948"]
[PlyCount "104"]
[EventDate "2017.01.02"]
[EventType "swiss"]
[EventRounds "9"]
[EventCountry "GRE"]
[SourceTitle "EXT 2024"]
[Source "ChessBase"]
[SourceDate "2023.10.10"]
[SourceVersion "1"]
[SourceVersionDate "2023.10.10"]
[SourceQuality "1"]

1. e4 c5 2. Nf3 e6 3. d4 cxd4 4. Nxd4 Nc6 5. Nb5 d6 6. c4 Nf6 7. N1c3 a6 8. Na3 Be7 9. Be2 0-0 10. 0-0 b6 11. Be3 Bb7 12. Qb3 Ne5 13. Bxb6 Qd7 14. f4 Ng6 15. Qc2 Nxe4 16. Nxe4 Qc6 17. Be3 Qxe4 18. Qxe4 Bxe4 19. Bf3 Bxf3 20. Rxf3 Rfc8 21. Rc1 Rab8 22. b3 Nh4 23. Rff1 Nf5 24. Nc2 Nxe3 25. Nxe3 a5 26. Rfd1 Rc6 27. Rc2 g6 28. Rcd2 a4 29. Rd3 Kf8 30. Kf2 axb3 31. axb3 Rcb6 32. Rb1 Rb4 33. g4 R8b6 34. Kf3 Ke8 35. Ke2 Bd8 36. Rc3 Bf6 37. Rd3 g5 38. f5 Be5 39. h3 Bf4 40. Rc3 Bxe3 41. Rxe3 Rxc4 42. bxc4 Rxb1 43. fxe6 f6 44. Ra3 Rb7 45. Re3 Rb4 46. Rc3 Ke7 47. Kd3 Kxe6 48. Ra3 Rb1 49. Kd4 Rd1+ 50. Ke4 Re1+ 51. Kd4 Rd1+ 52. Ke4 Re1+ 1/2-1/2

[Event "Anogia op 5th"]
[Site "Anogia"]
[Date "2016.07.12"]
[Round "1"]
[White "Petraki, Evaggelia"]
[Black "Gkoumas, Georgios"]
[Result "0-1"]
[WhiteElo "1720"]
[BlackElo "2392"]
[PlyCount "68"]
[EventDate "2016.07.12"]
[EventType "swiss"]
[EventRounds "9"]
[EventCountry "GRE"]
[SourceTitle "CBM 173 Extra"]
[Source "ChessBase"]
[SourceDate "2016.08.29"]
[SourceVersion "1"]
[SourceVersionDate "2016.08.29"]
[SourceQuality "1"]

1. e4 c5 2. Nf3 Nc6 3. d4 cxd4 4. Nxd4 Nf6 5. Nc3 d6 6. Bg5 e6 7. Qd2 a6 8. 0-0-0 Bd7 9. f4 h6 10. Bh4 Nxe4 11. Nxe4 Qxh4 12. Nxc6 Bxc6 13. Nxd6+ Bxd6 14. Qxd6 Rd8 15. Qxd8+ Qxd8 16. Rxd8+ Kxd8 17. Bc4 g5 18. Rf1 Bxg2 19. Rf2 Bc6 20. fxg5 Ke7 21. gxh6 Rxh6 22. Kd2 f5 23. Bd3 Kf6 24. c4 Rh5 25. b4 e5 26. Be2 Rh4 27. Bd1 Rxc4 28. Bc2 e4 29. a3 Ke5 30. h4 f4 31. Rh2 e3+ 32. Kd3 Bb5 33. a4 Rd4+ 34. Kc3 Bf1 0-1

[Event "GRE-chT 44th"]
[Site "Achaia"]
[Date "2016.07.06"]
[Round "3.9"]
[White "Liapi Zenebisi, Filippa Areti"]
[Black "Petraki, Evaggelia"]
[Result "0-1"]
[WhiteElo "1581"]
[BlackElo "1720"]
[PlyCount "48"]
[EventDate "2016.07.05"]
[EventType "team-swiss"]
[EventRounds "7"]
[EventCountry "GRE"]
[SourceTitle "CBM 173 Extra"]
[Source "ChessBase"]
[SourceDate "2016.08.29"]
[SourceVersion "1"]
[SourceVersionDate "2016.08.29"]
[SourceQuality "1"]
[WhiteTeam "Egaleo CN"]
[BlackTeam "Chania Kaissa"]
[WhiteTeamCountry "GRE"]
[BlackTeamCountry "GRE"]

1. d4 Nf6 2. c4 c5 3. d5 e6 4. Nc3 exd5 5. cxd5 d6 6. e4 g6 7. f4 Bg7 8. Bb5+ Nbd7 9. e5 dxe5 10. fxe5 Nh5 11. e6 Qh4+ 12. g3 Nxg3 13. exd7+ Bxd7 14. hxg3 Qxh1 15. Qe2+ Kd8 16. Bxd7 Qxg1+ 17. Kd2 Kxd7 18. Qg4+ f5 19. Qa4+ Kd8 20. Qh4+ Kc8 21. Qe7 Bxc3+ 22. Kxc3 Qd4+ 23. Kc2 Qc4+ 24. Kd2 Qxd5+ 0-1

[Event "GRE-ch U16 Girls"]
[Site "Kavala"]
[Date "2016.01.06"]
[Round "7"]
[White "Mastrakouli, Evagelia"]
[Black "Petraki, Evaggelia"]
[Result "1-0"]
[WhiteElo "1707"]
[BlackElo "1656"]
[PlyCount "99"]
[EventDate "2016.01.02"]
[EventType "swiss"]
[EventRounds "9"]
[EventCountry "GRE"]
[SourceTitle "EXT 2024"]
[Source "ChessBase"]
[SourceDate "2023.10.10"]
[SourceVersion "1"]
[SourceVersionDate "2023.10.10"]
[SourceQuality "1"]

1. d4 d5 2. c4 e6 3. Nc3 f5 4. Nf3 c6 5. Bf4 Nf6 6. e3 Be7 7. Bd3 0-0 8. 0-0 Bd7 9. a3 Ne4 10. Nd2 g5 11. Be5 Be8 12. f3 Nxc3 13. bxc3 Nd7 14. Bg3 Nf6 15. Qb3 b6 16. cxd5 cxd5 17. c4 Bc6 18. cxd5 Bxd5 19. Qa4 Qd7 20. Bb5 Qb7 21. Rfc1 Rfc8 22. Ba6 Rxc1+ 23. Rxc1 Qd7 24. Qxd7 Nxd7 25. Rc7 Rd8 26. Bb5 Bxa3 27. Rxd7 Rxd7 28. Bxd7 Bc1 29. Be1 Bb2 30. Kf1 Ba2 31. Ke2 Kf7 32. Kd3 Ke7 33. Bb5 Bd5 34. Nb1 Bb3 35. Bb4+ Kd8 36. Nd2 Ba2 37. Kc2 Ba1 38. Nb3 a5 39. Bd2 Bxb3+ 40. Kxb3 f4 41. Ka2 fxe3 42. Bxe3 Bc3 43. Bxg5+ Kc7 44. Bf4+ Kd8 45. Be5 Ke7 46. Kb3 Ba1 47. Bd3 h6 48. Kc4 a4 49. Kb4 b5 50. Bxb5 1-0